LIBRARY & INFORMATION CENTRE, KCAET, TAVANUR

ONLINE PUBLIC ACCESS CATALOGUE (OPAC)

Lining of earthen irrigation channels / (Record no. 10525)

MARC details
000 -LEADER
fixed length control field 00435cam a2200169ua 4500
041 ## - LANGUAGE CODE
Language code of text/sound track or separate title eng
082 ## - DEWEY DECIMAL CLASSIFICATION NUMBER
Classification number 631.5874
Item number SAL/LI
100 ## - MAIN ENTRY--AUTHOR NAME
Personal name Sathy, H I .
245 ## - TITLE STATEMENT
Title Lining of earthen irrigation channels /
260 ## - PUBLICATION, DISTRIBUTION, ETC. (IMPRINT)
Place of publication Mumbai :
Name of publisher Asia Publishing House ,
Year of publication 1902.
300 ## - PHYSICAL DESCRIPTION
Number of Pages 119 :
Other physical details 506 ; .
942 ## - ADDED ENTRY ELEMENTS (KOHA)
Koha item type Books
Holdings
Withdrawn status Lost status Damaged status Home library Current library Date acquired Full call number Accession Number Koha item type
      KAUAET KAUAET 07/04/2012 631.5874 9876 Books
free website counter